Statistics for Every Movie Leonardo DiCaprio Was In

Click here to take the quiz!

General Stats

  • This quiz has been taken 16 times
  • The average score is 16 of 31

Answer Stats

YearCharacterMovie% Correct
2013Jay GatsbyThe Great Gatsby
100%
1997Jack DawsonTitanic
94%
2010Teddy DanielsShutter Island
88%
2002Frank Abagnale Jr.Catch Me If You Can
81%
2013Jordan BellfortThe Wolf of Wall Street
81%
2010CobbInception
75%
1996RomeoRomeo + Juliet
75%
2012Calvin CandleDjango Unchained
69%
2019Rick DaltonOnce Upon A Time... In Hollywood
69%
2006BillyThe Departed
69%
2015Hugh GlassThe Revenant
69%
1993Arnie GrapeWhat's Eating Gilbert Grape
69%
2002Amsterdam VallonGangs of New York
63%
2004Howard HughesThe Aviator
63%
2021Dr. Randall MindyDon't Look Up
56%
1998King Louis, PhilippeThe Man In The Iron Mask
56%
2006Danny ArcherBlood Diamond
50%
2023Ernest BurkhartKillers of the Flower Moon
50%
1995Jim CarrollThe Basketball Diaries
44%
2000RichardThe Beach
38%
1995KidThe Quick and the Dead
38%
2011Titular CharacterJ. Edgar
31%
2008Frank WheelerRevolutionary Road
25%
2008Roger FerrisBody of Lies
19%
1998Brandon DarrowCelebrity
19%
1991JoshCritters 3
19%
1992GuyPoison Ivy
19%
1993TobyThis Boy's Life
19%
2001DerekDon's Plum
13%
1996HankMarvin's Room
13%
1995Arthur RimbaudTotal Eclipse
13%

Score Distribution

Percentile by Number Answered

Percent of People with Each Score

Your Score History

You have not taken this quiz